| 000 | 00953nam a22002657a 4500 | ||
|---|---|---|---|
| 003 | EG-ScBUE | ||
| 005 | 20221010111116.0 | ||
| 008 | 090813s2003 ua f 000 1 ara d | ||
| 017 | _a2003/14240 | ||
| 020 | _a9770187801 | ||
| 040 |
_aEG-ScBUE _bara _erda _cEG-ScBUE _dEG-ScBUE |
||
| 082 | 0 | 4 |
_a892.736 _bأ ص ل _222 |
| 100 | 1 |
_aأصلان، إبراهيم، _d1935-2012، _eمؤلف. |
|
| 245 | 1 | 0 |
_aحكايات من فضل الله عثمان / _cإبراهيم أصلان. |
| 264 | 1 |
_aالقاهرة : _bالهيئة المصرية العامة للكتاب، _c2003. |
|
| 300 |
_a141 صفحة ؛ _c18 سم. |
||
| 336 |
_2rdacontent _aنص _btxt |
||
| 337 |
_2rdamedia _aبدون وسيط _bn |
||
| 338 |
_2rdacarrier _aمجلد _bnc |
||
| 490 | 0 | _aالأعمال الإبداعية | |
| 650 | 7 |
_98441 _aالقصص القصيرة العربية _zمصر _yقرن 21. _2BUEsh |
|
| 653 | _bARALIT | ||
| 655 | _vReading book | ||
| 942 |
_2ddc _cBB |
||
| 999 |
_c12580 _d12580 |
||